000 00703nam a2200265Ia 4500
003 OSt
005 20220927110352.0
006 a|||||r|||| 00| 0
007 ta
008 220926b |||||||| |||| 00| 0 eng d
024 _a61947
037 _cReports
040 _aRTL
_cRTL
_beng
041 _2eng
_aeng
082 _a"X622.4,hN66r, K7/UN"
110 _aAsian Development Bank
245 0 _aAnnual report
260 _aManila
_bAsian Development Bank India
_c1967
300 _a56p
_ccm.
490 _v1967
650 _aFederal Reserve Banks
_9376906
700 _aAsian Development Bank
942 _h"X622.4,hN66r, K7/UN"
_cCC
999 _c695921
_d695921